[Event "II Weekend A"]
[Site "Biella ITA"]
[Date "2011.09.23"]
[Round "1"]
[White "Chiarion, Elisa"]
[Black "Brunello, Sabino"]
[Result "0-1"]
[WhiteElo "2012"]
[BlackElo "2569"]
[PlyCount "52"]
[EventDate "2011.09.23"]

1. e4 c6 2. d4 d5 3. e5 c5 4. c3 Nc6 5. a3 cxd4 6. cxd4 Qb6 7. Ne2 Bg4 8. f3
Bf5 9. Nbc3 e6 10. b4 Nge7 11. Na4 Qc7 12. Be3 h5 13. Rc1 a6 14. Nf4 g5 15.
Nxh5 Rxh5 16. g4 Rh8 17. gxf5 Nxf5 18. Bxg5 Be7 19. Rg1 Bxg5 20. Rxg5 Nfxd4 21.
f4 f6 22. Rh5 O-O-O 23. Nc5 fxe5 24. fxe5 Rhf8 25. Bxa6 bxa6 26. Nxa6 Qf7 0-1

[Event "II Weekend A"]
[Site "Biella ITA"]
[Date "2011.09.23"]
[Round "1"]
[White "Dgebuadze, Alexandre"]
[Black "Marinone, Lucio"]
[Result "1-0"]
[WhiteElo "2544"]
[BlackElo "2002"]
[PlyCount "57"]
[EventDate "2011.09.23"]

1. e4 c5 2. Nf3 d6 3. d4 cxd4 4. Qxd4 a6 5. Be3 Nc6 6. Qd2 Nf6 7. Nc3 e6 8.
O-O-O Be7 9. Bf4 e5 10. Bg5 Bg4 11. h3 Bxf3 12. gxf3 Nd4 13. Bg2 Qa5 14. Kb1
Rc8 15. h4 h6 16. Be3 Ne6 17. Bh3 Rc4 18. Rhg1 Nh5 19. Qd3 b5 20. Nd5 Nef4 21.
Nxf4 Nxf4 22. Bxf4 Rd4 23. Bd2 Rxd3 24. Bxa5 Rxf3 25. Rg3 Rxf2 26. Rxg7 Rh2 27.
Bf5 Rxh4 28. Bc7 Kf8 29. Rgg1 1-0

[Event "II Weekend A"]
[Site "Biella ITA"]
[Date "2011.09.23"]
[Round "1"]
[White "Gromovs, Sergejs"]
[Black "Mazzetta, Renato"]
[Result "0-1"]
[WhiteElo "2297"]
[BlackElo "1925"]
[PlyCount "84"]
[EventDate "2011.09.23"]

1. d4 d5 2. c4 c6 3. Nc3 Nf6 4. Nf3 e6 5. Bg5 Be7 6. e3 Nbd7 7. Qc2 O-O 8. a3
Re8 9. h3 Qc7 10. Bd3 dxc4 11. Bxc4 Nb6 12. Ba2 Nbd5 13. O-O Nxc3 14. bxc3 c5
15. Ne5 Nd5 16. Nxf7 Kxf7 17. Qxh7 Bxg5 18. Qh5+ g6 19. Qxg5 Nxc3 20. Bc4 Ne4
21. Qh4 Nf6 22. f4 Kg7 23. Bd3 Rh8 24. Qg5 Qf7 25. Qxc5 b6 26. Qe5 Rh5 27. Rac1
Rxe5 28. fxe5 Nd5 29. Rxf7+ Kxf7 30. Rf1+ Kg7 31. e4 Ne7 32. Rc1 a5 33. Rc7 Kf8
34. h4 Ba6 35. Bxa6 Rxa6 36. g4 b5 37. h5 gxh5 38. gxh5 b4 39. axb4 axb4 40. h6
Ng6 41. Rb7 Ra3 42. Kf2 Rh3 0-1

[Event "II Weekend A"]
[Site "Biella ITA"]
[Date "2011.09.23"]
[Round "1"]
[White "Lanzani, Mario"]
[Black "Rocchi, Enrico"]
[Result "1-0"]
[WhiteElo "2359"]
[BlackElo "1943"]
[PlyCount "71"]
[EventDate "2011.09.23"]

1. e4 e5 2. Nf3 Nc6 3. Nc3 Nf6 4. Bb5 Bc5 5. O-O O-O 6. d3 d6 7. Na4 Bb6 8.
Nxb6 axb6 9. h3 Ne7 10. Bc4 c6 11. Bb3 Ng6 12. Re1 Be6 13. c3 Re8 14. a3 h6 15.
Bc2 Qc7 16. d4 Rad8 17. Be3 d5 18. exd5 exd4 19. dxe6 dxe3 20. exf7+ Qxf7 21.
Bb3 exf2+ 22. Kxf2 Nd5 23. Qd4 b5 24. Rxe8+ Qxe8 25. Re1 Qd7 26. Kg1 Kh8 27.
Bc2 Qf7 28. Qd3 Nf8 29. Ne5 Qe8 30. Qg3 Qh5 31. Bg6 Nxg6 32. Nf7+ Kh7 33. Nxd8
Ngf4 34. Ne6 Nxe6 35. Rxe6 Qf5 36. Qe5 1-0

[Event "II Weekend A"]
[Site "Biella ITA"]
[Date "2011.09.23"]
[Round "1"]
[White "Lucchese, Paolo"]
[Black "Gagliardi, Christian"]
[Result "0-1"]
[WhiteElo "1924"]
[BlackElo "2253"]
[PlyCount "56"]
[EventDate "2011.09.23"]

1. e4 c5 2. Nf3 e6 3. d4 cxd4 4. Nxd4 Nc6 5. Nxc6 bxc6 6. Bd3 Nf6 7. O-O d5 8.
Nd2 Be7 9. Qe2 O-O 10. Kh1 Nd7 11. exd5 exd5 12. c4 Nc5 13. cxd5 cxd5 14. Re1
Bf6 15. Nb3 Nxd3 16. Qxd3 a5 17. Nd4 Ba6 18. Qd1 Qb6 19. Be3 Qxb2 20. Rb1 Qxa2
21. Rb6 Bd8 22. Rh6 Bc8 23. Nc6 gxh6 24. Bxh6 Bf6 25. Qf3 Qb2 26. Qg3+ Kh8 27.
Bxf8 Bd7 28. Ba3 Qd2 0-1

[Event "II Weekend A"]
[Site "Biella ITA"]
[Date "2011.09.23"]
[Round "1"]
[White "Miracola, Massimiliano"]
[Black "Meijers, Viesturs"]
[Result "0-1"]
[WhiteElo "1993"]
[BlackElo "2471"]
[PlyCount "74"]
[EventDate "2011.09.23"]

1. e4 c5 2. Nf3 e6 3. d4 cxd4 4. Nxd4 a6 5. Bd3 Qc7 6. O-O Nf6 7. Qe2 d6 8. c4
Nbd7 9. Nc3 g6 10. f4 Bg7 11. Kh1 h5 12. Nf3 Ng4 13. Ng5 Bd4 14. e5 dxe5 15.
Bxg6 fxg6 16. Nxe6 Qd6 17. Nd5 Qxe6 18. Nc7+ Ke7 19. Nxe6 Kxe6 20. Qe4 Ndf6 21.
Qe2 e4 22. Bd2 Kf7 23. Bc3 Bxc3 24. bxc3 Bd7 25. Rad1 Rad8 26. Rd6 Rhe8 27. h3
Nh6 28. f5 Nxf5 29. Rxf6+ Kxf6 30. g4 hxg4 31. hxg4 e3 32. Kg1 Bc6 33. gxf5
gxf5 34. Rxf5+ Kxf5 35. Qh5+ Ke6 36. Qg4+ Kd6 37. Qf4+ Kd7 0-1

[Event "II Weekend A"]
[Site "Biella ITA"]
[Date "2011.09.23"]
[Round "1"]
[White "Naumkin, Igor"]
[Black "Bisi, Samuele"]
[Result "1/2-1/2"]
[WhiteElo "2473"]
[BlackElo "1998"]
[PlyCount "63"]
[EventDate "2011.09.23"]

1. d4 Nf6 2. c4 e6 3. Nf3 c5 4. d5 b5 5. Bg5 exd5 6. cxd5 d6 7. e4 a6 8. a4 Be7
9. Bxf6 Bxf6 10. axb5 Bxb2 11. Ra2 Bf6 12. Nbd2 O-O 13. Be2 Bb7 14. O-O axb5
15. Rxa8 Bxa8 16. Bxb5 Nd7 17. Qb3 Ne5 18. Nxe5 Bxe5 19. Nc4 Bd4 20. Bc6 Qe7
21. Qb5 Qxe4 22. Nb6 Rb8 23. Bxa8 c4 24. Qxc4 Rxa8 25. h3 h6 26. Rd1 Rb8 27.
Rxd4 Qb1+ 28. Kh2 Qxb6 29. Qc3 Qb2 30. Qe3 Rc8 31. Rd2 Qe5+ 32. Qxe5 1/2-1/2

[Event "II Weekend A"]
[Site "Biella ITA"]
[Date "2011.09.23"]
[Round "1"]
[White "Raselli, Claudio"]
[Black "Vezzosi, Paolo"]
[Result "0-1"]
[WhiteElo "1928"]
[BlackElo "2351"]
[PlyCount "70"]
[EventDate "2011.09.23"]

1. e4 c5 2. Nf3 Nc6 3. Bb5 g6 4. O-O Bg7 5. c3 Nf6 6. Qe2 O-O 7. Rd1 d5 8. e5
Ne8 9. d4 cxd4 10. cxd4 Nc7 11. Nc3 Bg4 12. Be3 f6 13. Bxc6 bxc6 14. exf6 Rxf6
15. Bg5 Bxf3 16. gxf3 Rf7 17. Rd3 Qd7 18. Re1 Re8 19. Bh4 Rf4 20. Bg3 Rxd4 21.
Rxd4 Bxd4 22. Bxc7 Qxc7 23. Qe6+ Kf8 24. Rc1 Qd6 25. Qh3 Kg7 26. Qg4 e5 27. Re1
Rf8 28. Ne2 Bxb2 29. Rb1 Ba3 30. Ng3 Qc7 31. Rb3 Bc5 32. Qa4 Bb6 33. Qa6 c5 34.
Qe2 c4 35. Rb5 c3 0-1

[Event "II Weekend A"]
[Site "Biella ITA"]
[Date "2011.09.23"]
[Round "1"]
[White "Razzano, Lorenzo"]
[Black "Ranieri, Fabrizio"]
[Result "1-0"]
[WhiteElo "1927"]
[BlackElo "2299"]
[PlyCount "75"]
[EventDate "2011.09.23"]

1. g3 e5 2. Bg2 d5 3. d3 Nc6 4. a3 Be6 5. b4 a6 6. Bb2 Nf6 7. Nd2 d4 8. Ngf3
Nd5 9. O-O Be7 10. Nc4 f6 11. e4 dxe3 12. Nxe3 O-O 13. Qd2 Qd7 14. Rfe1 Rad8
15. Rad1 Nxe3 16. Qxe3 Bg4 17. Rd2 Bd6 18. d4 exd4 19. Nxd4 Rde8 20. Qb3+ Kh8
21. Rf1 Nxd4 22. Bxd4 Be2 23. Rc1 b5 24. Qd5 Bc4 25. Qf3 Qe6 26. Be3 Be5 27.
Rcd1 Bb2 28. Rd7 Rf7 29. Rd8 Rfe7 30. Qa8 h6 31. Bc6 Rxd8 32. Rxd8+ Kh7 33.
Rh8+ Kg6 34. Be8+ Kf5 35. Qf3+ Ke5 36. Bf4+ Kd4 37. Qd1+ Kc3 38. Qd2# 1-0

[Event "II Weekend A"]
[Site "Biella ITA"]
[Date "2011.09.23"]
[Round "1"]
[White "Solodovnichenko, Yuri"]
[Black "Bazzeato, Stefano"]
[Result "1-0"]
[WhiteElo "2622"]
[BlackElo "2054"]
[PlyCount "77"]
[EventDate "2011.09.23"]

1. e4 Nf6 2. e5 Nd5 3. d4 d6 4. Nf3 c6 5. c4 Nc7 6. Nc3 Bg4 7. exd6 exd6 8. h3
Bxf3 9. Qxf3 Be7 10. Be3 Nd7 11. Bd3 O-O 12. g4 d5 13. cxd5 Nxd5 14. Nxd5 cxd5
15. Qxd5 Bb4+ 16. Kf1 Nf6 17. Qxd8 Rfxd8 18. Ke2 Nd5 19. Bc4 Rac8 20. Rac1 Nxe3
21. fxe3 Rc7 22. Rhf1 Kf8 23. Bd3 Rxc1 24. Rxc1 Bd6 25. Rf1 Ke7 26. Bc4 f6 27.
g5 Rf8 28. gxf6+ Rxf6 29. e4 Rxf1 30. Kxf1 Bf4 31. Ke2 Bc1 32. b3 Bb2 33. Ke3
Kf6 34. e5+ Ke7 35. Ke4 a6 36. d5 g5 37. d6+ Kd8 38. e6 h5 39. e7+ 1-0

[Event "II Weekend A"]
[Site "Biella ITA"]
[Date "2011.09.23"]
[Round "1"]
[White "Solomon, Kenny"]
[Black "Di Chiara, Mauro"]
[Result "1-0"]
[WhiteElo "2426"]
[BlackElo "1966"]
[PlyCount "47"]
[EventDate "2011.09.23"]

1. Nf3 d6 2. d4 Nf6 3. c4 g6 4. Nc3 Bg7 5. e4 O-O 6. Be2 e5 7. Be3 exd4 8. Nxd4
Re8 9. f3 c6 10. Bf2 d5 11. exd5 cxd5 12. O-O Nc6 13. c5 Nh5 14. Qd2 Be5 15. g3
Bh3 16. Rfd1 Qb8 17. Ndb5 Nxg3 18. hxg3 Bxg3 19. Nd6 Bxd6 20. cxd6 Qxd6 21.
Nxd5 Qe5 22. Qh6 Re6 23. Qxh3 Qxe2 24. Nf4 1-0

[Event "II Weekend A"]
[Site "Biella ITA"]
[Date "2011.09.23"]
[Round "1"]
[White "Stella, Andrea"]
[Black "Attuati, Stefano"]
[Result "1-0"]
[WhiteElo "2447"]
[BlackElo "1977"]
[PlyCount "49"]
[EventDate "2011.09.23"]

1. d4 e6 2. c4 f5 3. Nf3 Nf6 4. e3 d5 5. Bd3 c6 6. O-O Bd6 7. b3 Qe7 8. Bb2 O-O
9. Qc1 b6 10. Ba3 c5 11. dxc5 bxc5 12. cxd5 e5 13. Nc3 e4 14. Nb5 exf3 15. Nxd6
fxg2 16. Rd1 Qxd6 17. Bxc5 Qd8 18. Bxf8 Qxf8 19. Qc7 Na6 20. Qc6 Bb7 21. Qxb7
Nc5 22. Qb4 Ng4 23. Rac1 Qf6 24. Rxc5 Qh4 25. Qf4 1-0

[Event "II Weekend A"]
[Site "Biella ITA"]
[Date "2011.09.23"]
[Round "1"]
[White "Valsecchi, Alessio"]
[Black "Siclari, Giovanni"]
[Result "1-0"]
[WhiteElo "2338"]
[BlackElo "1928"]
[PlyCount "79"]
[EventDate "2011.09.23"]

1. d4 f5 2. g3 Nf6 3. Bg2 g6 4. c3 Bg7 5. Qb3 c6 6. Nh3 e6 7. Bf4 Qe7 8. Nd2 d5
9. O-O O-O 10. f3 Nbd7 11. e4 b6 12. Rfe1 h6 13. a4 g5 14. exf5 gxf4 15. Nxf4
Re8 16. Rxe6 Qf7 17. Rxc6 Nb8 18. Rxf6 Bxf6 19. Nxd5 Bh8 20. Nc7 Re2 21. Qxf7+
Kxf7 22. Ne4 Ke7 23. Nxa8 Na6 24. b4 Bb7 25. b5 Nb4 26. Nc7 Nc2 27. Rc1 Ne3 28.
Bf1 Ra2 29. Re1 Nxf1 30. Nc5+ Kd8 31. Nxb7+ Kxc7 32. Re7+ Kb8 33. Kxf1 Bf6 34.
Rf7 Rxh2 35. Rxf6 Kxb7 36. Rf7+ Kb8 37. f6 Rc2 38. Re7 Rxc3 39. f7 Rxf3+ 40.
Kg2 1-0

[Event "II Weekend A"]
[Site "Biella ITA"]
[Date "2011.09.23"]
[Round "1"]
[White "Zunino, Davide"]
[Black "Malakhatko, Vadim"]
[Result "0-1"]
[WhiteElo "2001"]
[BlackElo "2543"]
[PlyCount "76"]
[EventDate "2011.09.23"]

1. d4 Nf6 2. Bf4 c5 3. c3 Qb6 4. Qc2 cxd4 5. cxd4 Nc6 6. e3 Nb4 7. Qb3 Nbd5 8.
Bg3 e6 9. Nd2 Bb4 10. Ngf3 Ne4 11. O-O-O Nxg3 12. hxg3 Be7 13. g4 Qxb3 14. Nxb3
Nf6 15. Rd2 Nxg4 16. Bd3 d6 17. Rc2 Bd7 18. Kb1 a5 19. e4 a4 20. Nc1 a3 21. b3
Bd8 22. e5 dxe5 23. Nxe5 Nxe5 24. dxe5 Bc6 25. f3 Ra5 26. f4 g5 27. Ne2 gxf4
28. Nd4 Bd7 29. Nf3 Ke7 30. Rxh7 Rxh7 31. Bxh7 Bc6 32. Rc4 Bxf3 33. gxf3 Rxe5
34. Rxf4 Re1+ 35. Kc2 Re2+ 36. Kb1 Rb2+ 37. Ka1 Bc7 38. Re4 Rh2 0-1

[Event "II Weekend A"]
[Site "Biella ITA"]
[Date "2011.09.24"]
[Round "2"]
[White "Brunello, Sabino"]
[Black "Brunello, Marina"]
[Result "1-0"]
[WhiteElo "2569"]
[BlackElo "2215"]
[PlyCount "41"]
[EventDate "2011.09.23"]

1. c4 Nf6 2. g3 e6 3. Nf3 Be7 4. Bg2 O-O 5. O-O d5 6. b3 c5 7. Bb2 Nc6 8. e3 b6
9. Nc3 Bb7 10. cxd5 Nxd5 11. Nxd5 Qxd5 12. d4 Rfd8 13. Ne5 Qd6 14. Qf3 Nxe5 15.
Qxb7 Nd3 16. dxc5 bxc5 17. Rad1 Rab8 18. Rxd3 Qxd3 19. Qxe7 c4 20. Be5 Rbc8 21.
bxc4 1-0

[Event "II Weekend A"]
[Site "Biella ITA"]
[Date "2011.09.24"]
[Round "2"]
[White "Cossar, Claudio"]
[Black "Valsecchi, Alessio"]
[Result "0-1"]
[WhiteElo "2062"]
[BlackElo "2338"]
[PlyCount "78"]
[EventDate "2011.09.23"]

1. f4 g6 2. Nf3 Bg7 3. d3 d5 4. g3 c6 5. Bg2 Qb6 6. c3 Nh6 7. Qb3 Nd7 8. Qxb6
axb6 9. O-O Nc5 10. Na3 O-O 11. Bd2 Na4 12. Bc1 Rd8 13. h3 Nf5 14. g4 Nd6 15.
Re1 b5 16. d4 Bd7 17. Ne5 Be8 18. e4 dxe4 19. Bxe4 Nxe4 20. Rxe4 c5 21. Nc2 b4
22. cxb4 f5 23. Re1 cxd4 24. Rd1 fxg4 25. hxg4 Bxe5 26. fxe5 d3 27. Na3 Rd4 28.
Rd2 Rxg4+ 29. Rg2 Rxb4 30. b3 Nc5 31. Nc4 Nxb3 32. Rb1 Rxc4 33. axb3 Re4 34.
Bh6 Rxe5 35. Rf1 Bd7 36. Ra2 Rd8 37. Raf2 Bf5 38. Rd2 Rb5 39. Rg2 Bh3 0-1

[Event "II Weekend A"]
[Site "Biella ITA"]
[Date "2011.09.24"]
[Round "2"]
[White "De Luca, Fabio"]
[Black "Naumkin, Igor"]
[Result "1/2-1/2"]
[WhiteElo "1871"]
[BlackElo "2473"]
[PlyCount "118"]
[EventDate "2011.09.23"]

1. e4 e6 2. d4 d5 3. exd5 exd5 4. Bd3 c5 5. c3 Nc6 6. Ne2 Nf6 7. O-O Bd6 8. h3
h6 9. Nd2 cxd4 10. Nxd4 Nxd4 11. cxd4 O-O 12. Re1 Be6 13. Nf3 Ne4 14. Ne5 Qh4
15. Qf3 Bxe5 16. dxe5 f5 17. Qf4 Qh5 18. f3 g5 19. Qe3 f4 20. Qd4 Ng3 21. Bd2
Rf7 22. Rac1 Re8 23. Rc5 Rfe7 24. Bb5 Rd8 25. Rec1 Nf5 26. Qb4 Qf7 27. Bd3 Nh4
28. Be1 Bf5 29. Bxh4 Bxd3 30. Bf2 Bf5 31. Bd4 Be6 32. Qc3 h5 33. Rc7 b6 34.
Rxe7 Qxe7 35. Qd3 Qf7 36. Rc6 Re8 37. Qc2 Re7 38. b3 Kg7 39. a4 g4 40. hxg4
hxg4 41. fxg4 Qg6 42. Qxg6+ Kxg6 43. b4 Kg5 44. a5 bxa5 45. bxa5 Bxg4 46. Ra6
Rc7 47. Rxa7 Rc4 48. Rg7+ Kh5 49. Bb6 d4 50. Rg8 Rc1+ 51. Kh2 d3 52. Rd8 Bf5
53. e6 Re1 54. Bc7 f3 55. gxf3 Rxe6 56. Bf4 Kg6 57. Kg3 Ra6 58. Rd5 Be6 59.
Rxd3 Rxa5 1/2-1/2

[Event "II Weekend A"]
[Site "Biella ITA"]
[Date "2011.09.24"]
[Round "2"]
[White "Faraoni, Enrico"]
[Black "Lanzani, Mario"]
[Result "1/2-1/2"]
[WhiteElo "2104"]
[BlackElo "2359"]
[PlyCount "26"]
[EventDate "2011.09.23"]

1. e4 e5 2. Qe2 Nc6 3. Nf3 Bc5 4. c3 d6 5. g3 Nf6 6. Bg2 O-O 7. d3 a6 8. b4 Ba7
9. O-O Re8 10. a4 Bd7 11. h3 b5 12. axb5 axb5 13. Kh2 h6 1/2-1/2

[Event "II Weekend A"]
[Site "Biella ITA"]
[Date "2011.09.24"]
[Round "2"]
[White "Gagliardi, Christian"]
[Black "Razzano, Lorenzo"]
[Result "1-0"]
[WhiteElo "2253"]
[BlackElo "1927"]
[PlyCount "59"]
[EventDate "2011.09.23"]

1. Nf3 g6 2. e4 Bg7 3. d4 c5 4. c3 cxd4 5. cxd4 d5 6. e5 Nh6 7. Nc3 O-O 8. Be2
Nc6 9. h3 Be6 10. O-O Rc8 11. Re1 Re8 12. Bf4 f6 13. Bb5 a6 14. Ba4 Nf7 15.
exf6 exf6 16. Bb3 Na5 17. Na4 Nc4 18. Nc5 Qb6 19. Qe2 Bf5 20. Qxe8+ Rxe8 21.
Rxe8+ Bf8 22. g4 Qc6 23. Rxf8+ Kxf8 24. gxf5 gxf5 25. Re1 Nfe5 26. dxe5 Qxc5
27. exf6 Kf7 28. Ne5+ Nxe5 29. Bxe5 Kg6 30. Rd1 1-0

[Event "II Weekend A"]
[Site "Biella ITA"]
[Date "2011.09.24"]
[Round "2"]
[White "Gallucci, Alessio"]
[Black "Siclari, Alberto"]
[Result "1-0"]
[WhiteElo "2227"]
[BlackElo "1563"]
[PlyCount "63"]
[EventDate "2011.09.23"]

1. e4 c5 2. Nf3 d6 3. d4 cxd4 4. Nxd4 Nf6 5. f3 g6 6. c4 a6 7. Nc3 Bg7 8. Be3
Nc6 9. Qd2 Nxd4 10. Bxd4 O-O 11. Be2 Re8 12. O-O Bd7 13. Kh1 Qc7 14. Rac1 Qc6
15. b3 Rab8 16. Rfd1 Nh5 17. Ba7 Ra8 18. Be3 Be6 19. Na4 f5 20. Nb6 Rad8 21.
Bd3 f4 22. Bf2 Rf8 23. Re1 g5 24. Nd5 Qd7 25. Bb6 Rc8 26. Qa5 Kh8 27. Bg1 g4
28. Qb6 gxf3 29. gxf3 Bh3 30. Qf2 Rg8 31. Rc2 Rcf8 32. Qh4 1-0

[Event "II Weekend A"]
[Site "Biella ITA"]
[Date "2011.09.24"]
[Round "2"]
[White "Genocchio, Daniele"]
[Black "Pienabarca, Nicola"]
[Result "1-0"]
[WhiteElo "2432"]
[BlackElo "2106"]
[PlyCount "105"]
[EventDate "2011.09.23"]

1. e4 e5 2. Nf3 Nc6 3. Bc4 Nf6 4. d3 Be7 5. c3 O-O 6. O-O d6 7. Bb3 h6 8. Nbd2
Re8 9. Re1 Bf8 10. Nf1 Ne7 11. Ng3 Ng6 12. d4 c6 13. h3 Qc7 14. Be3 Bd7 15. Bc2
Rad8 16. c4 c5 17. d5 a6 18. a3 b5 19. b4 cxb4 20. axb4 bxc4 21. Rxa6 Rb8 22.
Ra7 Rb7 23. Rxb7 Qxb7 24. Qd2 Ra8 25. Qc3 Bb5 26. Ra1 Ne8 27. Nd2 Rxa1+ 28.
Qxa1 Ne7 29. Ne2 f5 30. f3 f4 31. Bf2 Nc7 32. Nc3 Nc8 33. Qa5 Be7 34. Nxb5 Nxb5
35. Nxc4 Nca7 36. Ba4 Qb8 37. Qb6 Qxb6 38. Bxb6 Kf7 39. Na5 Nc3 40. Bc2 Nab5
41. Bd3 Ke8 42. Nc6 Bh4 43. Kf1 Kd7 44. Bxb5 Nxb5 45. Ke2 Kc8 46. Kd3 Kb7 47.
Ba5 Na7 48. Kc4 Nc8 49. Nd8+ Bxd8 50. Bxd8 g6 51. Kb5 Na7+ 52. Ka5 Nc8 53. b5
1-0

[Event "II Weekend A"]
[Site "Biella ITA"]
[Date "2011.09.24"]
[Round "2"]
[White "Giretti Kanev, Jasen"]
[Black "Solodovnichenko, Yuri"]
[Result "0-1"]
[WhiteElo "2205"]
[BlackElo "2622"]
[PlyCount "45"]
[EventDate "2011.09.23"]

1. c4 e5 2. Nf3 d6 3. Nc3 f5 4. e4 Nf6 5. exf5 Bxf5 6. d4 Nbd7 7. Be2 Be7 8.
O-O O-O 9. dxe5 dxe5 10. Nd5 Kh8 11. Nxe7 Qxe7 12. Bg5 Nc5 13. Nh4 Be6 14. Qc2
Bd7 15. Rad1 Bc6 16. Rfe1 Ne6 17. Be3 Rae8 18. Nf5 Qf7 19. f3 Nh5 20. Ng3 Nhf4
21. Bf1 b6 22. Bf2 Ng5 23. Re3 0-1

[Event "II Weekend A"]
[Site "Biella ITA"]
[Date "2011.09.24"]
[Round "2"]
[White "Mazzetta, Renato"]
[Black "Sbarra, Marco"]
[Result "0-1"]
[WhiteElo "1925"]
[BlackElo "2227"]
[PlyCount "36"]
[EventDate "2011.09.23"]

1. e4 e5 2. Nf3 Nc6 3. d4 exd4 4. Nxd4 Nf6 5. Nxc6 bxc6 6. Bd3 d5 7. Qe2 dxe4
8. O-O Be7 9. Bxe4 Nxe4 10. Qxe4 O-O 11. Nc3 Rb8 12. Be3 Bd6 13. Rad1 Rxb2 14.
Bxa7 c5 15. Rfe1 Bb7 16. Qa4 Rb4 17. Qa5 Qh4 18. g3 Qxh2+ 0-1

[Event "II Weekend A"]
[Site "Biella ITA"]
[Date "2011.09.24"]
[Round "2"]
[White "Meijers, Viesturs"]
[Black "Aghayev, Miragha"]
[Result "0-1"]
[WhiteElo "2471"]
[BlackElo "2112"]
[PlyCount "110"]
[EventDate "2011.09.23"]

1. Nf3 Nf6 2. c4 g6 3. b3 Bg7 4. Bb2 c5 5. g3 b6 6. Bg2 Bb7 7. O-O O-O 8. e3 d5
9. d4 Nbd7 10. Qe2 Rc8 11. Rc1 Ne4 12. Nc3 Nxc3 13. Bxc3 Ba6 14. Nd2 e5 15.
Bxd5 exd4 16. exd4 cxd4 17. Bb4 Re8 18. Qf1 Ne5 19. Ba3 b5 20. Rd1 bxc4 21.
bxc4 Qa5 22. Bd6 Qxd5 23. cxd5 Bxf1 24. Kxf1 Red8 25. Bxe5 Bxe5 26. Nf3 Rxd5
27. Nxe5 Rxe5 28. Rxd4 Rc2 29. Rf4 Ra5 30. a4 g5 31. Rf3 Rc4 32. Rfa3 g4 33.
Kg2 Kg7 34. h3 h5 35. h4 Rc2 36. R3a2 Rxa2 37. Rxa2 f5 38. Kf1 Kf6 39. Ke2 f4
40. gxf4 Kf5 41. Ke3 Ra6 42. a5 Re6+ 43. Kd4 Kxf4 44. Kd5 Re1 45. Kc6 Rb1 46.
Rd2 Kf3 47. Rd7 Kxf2 48. Rxa7 Ra1 49. a6 Kg3 50. Rh7 Kxh4 51. a7 g3 52. Kb7 g2
53. Rg7 Kh3 54. a8=Q Rxa8 55. Kxa8 h4 0-1

[Event "II Weekend A"]
[Site "Biella ITA"]
[Date "2011.09.24"]
[Round "2"]
[White "Topczewski, Damian"]
[Black "Dgebuadze, Alexandre"]
[Result "0-1"]
[WhiteElo "2189"]
[BlackElo "2544"]
[PlyCount "100"]
[EventDate "2011.09.23"]

1. e4 e6 2. d4 d5 3. Nd2 Nf6 4. e5 Nfd7 5. Bd3 c5 6. c3 Nc6 7. Ne2 cxd4 8. cxd4
f6 9. exf6 Nxf6 10. O-O Bd6 11. Nf3 Qc7 12. Bg5 O-O 13. Ng3 Bd7 14. Rc1 h6 15.
Bd2 Qb6 16. Bc3 Nb4 17. Bb1 Bf4 18. Bd2 Bxg3 19. hxg3 Be8 20. Qb3 Nc6 21. Qxb6
axb6 22. Rfe1 Bh5 23. Bc3 Rfe8 24. Ne5 Nxe5 25. Rxe5 Kf7 26. f3 Bg6 27. Bxg6+
Kxg6 28. a3 h5 29. Bd2 Kf7 30. Bb4 Rac8 31. Rce1 Rc4 32. Bc3 g6 33. Kf2 b5 34.
R1e2 Ng8 35. Ke3 Ne7 36. Kd3 Nc6 37. R5e3 e5 38. Rxe5 Nxe5+ 39. dxe5 Ke6 40. f4
Rec8 41. Re1 R8c6 42. Re2 Kf5 43. Bd4 Rc1 44. Bc3 Ke6 45. Kd2 Rf1 46. Kd3 Rc4
47. b3 Rc6 48. a4 bxa4 49. bxa4 Rd1+ 50. Kc2 Rd4 0-1

[Event "II Weekend A"]
[Site "Biella ITA"]
[Date "2011.09.24"]
[Round "2"]
[White "Ubezio, Marco"]
[Black "Solomon, Kenny"]
[Result "0-1"]
[WhiteElo "2134"]
[BlackElo "2426"]
[PlyCount "113"]
[EventDate "2011.09.23"]

1. e4 c5 2. Nf3 e6 3. Qe2 b6 4. g3 Ne7 5. Bg2 Bb7 6. O-O Ng6 7. c3 Be7 8. Re1
d5 9. e5 d4 10. cxd4 cxd4 11. d3 Nd7 12. Nbd2 Nc5 13. Nc4 b5 14. Na3 Qd7 15. h4
h5 16. Nc2 Bxf3 17. Bxf3 Rc8 18. b3 Na6 19. Bb2 Nb4 20. Nxb4 Bxb4 21. Rec1 Bc3
22. b4 Bxb2 23. Qxb2 Nxe5 24. Qe2 Nxf3+ 25. Qxf3 Ke7 26. Rxc8 Rxc8 27. Qxh5 Rc3
28. Qg5+ Kf8 29. Qe5 f6 30. Qe4 Qd5 31. Qxd5 exd5 32. a4 Rxd3 33. axb5 Rb3 34.
Rxa7 Rxb4 35. Kf1 d3 36. Ke1 Rxb5 37. Ra3 Rb1+ 38. Kd2 Rb2+ 39. Kxd3 Rxf2 40.
Ke3 Rf5 41. Ra7 Kg8 42. Rd7 Kh7 43. g4 Re5+ 44. Kf4 Kg6 45. h5+ Kh6 46. Rd8
Re4+ 47. Kf5 Re5+ 48. Kf4 Kh7 49. Rd7 Kg8 50. Rd8+ Kf7 51. Rd7+ Kf8 52. Rd8+
Ke7 53. Ra8 Re4+ 54. Kf5 Kf7 55. Ra7+ Re7 56. Ra6 Rd7 57. g5 0-1

[Event "II Weekend A"]
[Site "Biella ITA"]
[Date "2011.09.24"]
[Round "2"]
[White "Zozulia, Anna"]
[Black "Balzano, Filli"]
[Result "1-0"]
[WhiteElo "2377"]
[BlackElo "1816"]
[PlyCount "63"]
[EventDate "2011.09.23"]

1. e4 c6 2. d4 d5 3. Nc3 dxe4 4. Nxe4 Bf5 5. Ng3 Bg6 6. N1e2 e6 7. Nf4 Bd6 8.
h4 Qc7 9. Nxg6 hxg6 10. Ne4 Bf4 11. Qf3 Bxc1 12. Rxc1 Nd7 13. Qa3 c5 14. Bb5
O-O-O 15. Bxd7+ Rxd7 16. Qxc5 Qxc5 17. dxc5 Nf6 18. Nxf6 gxf6 19. Rd1 Rh5 20.
Rxd7 Kxd7 21. b4 Kc6 22. g4 Rh8 23. h5 Rh6 24. Kd2 a5 25. a3 Kb5 26. Kc3 f5 27.
hxg6 Rxg6 28. gxf5 exf5 29. Rh7 axb4+ 30. axb4 Rg4 31. Rxf7 Rc4+ 32. Kd3 1-0

[Event "II Weekend A"]
[Site "Biella ITA"]
[Date "2011.09.24"]
[Round "3"]
[White "Angelini, Marco"]
[Black "Di Chiara, Mauro"]
[Result "1/2-1/2"]
[WhiteElo "2200"]
[BlackElo "1966"]
[PlyCount "70"]
[EventDate "2011.09.23"]

1. c4 g6 2. g3 Bg7 3. Bg2 d6 4. e3 Nf6 5. Ne2 O-O 6. Nbc3 Nc6 7. O-O e5 8. d3
Nh5 9. Nd5 Ne7 10. Rb1 c6 11. Nxe7+ Qxe7 12. b4 Be6 13. b5 d5 14. cxd5 cxd5 15.
d4 e4 16. Qb3 Qd7 17. Bd2 f5 18. Rbc1 Rac8 19. a4 Rxc1 20. Rxc1 Rc8 21. Rxc8+
Qxc8 22. Bb4 g5 23. f4 gxf4 24. gxf4 Nf6 25. a5 Ng4 26. h3 Nf6 27. Bc5 Qc7 28.
b6 axb6 29. Bxb6 Qc6 30. Nc3 Nd7 31. Bd8 Bf8 32. Bf1 Bf7 33. Bb5 Qd6 34. Bg5
Nb8 35. Qa4 Qb4 1/2-1/2

[Event "II Weekend A"]
[Site "Biella ITA"]
[Date "2011.09.24"]
[Round "3"]
[White "Brunello, Marina"]
[Black "Bisi, Samuele"]
[Result "1-0"]
[WhiteElo "2215"]
[BlackElo "1998"]
[PlyCount "59"]
[EventDate "2011.09.23"]

1. e4 e5 2. Nf3 Nc6 3. d4 exd4 4. Nxd4 Bc5 5. Be3 Qf6 6. c3 Nge7 7. Bc4 Ne5 8.
Be2 d6 9. O-O Qg6 10. f4 Qxe4 11. Bf2 Bxd4 12. cxd4 N5g6 13. g3 O-O 14. Bf3 Qf5
15. d5 c6 16. dxc6 Nxc6 17. Qxd6 Rd8 18. Qc5 Qd3 19. Bg2 Bg4 20. Re1 Nd4 21.
Bxd4 Qxd4+ 22. Qxd4 Rxd4 23. Nc3 h5 24. Ne4 Rc8 25. Rac1 Rdc4 26. Rxc4 Rxc4 27.
Ng5 Rc2 28. Be4 Rc8 29. Bxb7 Rb8 30. Bd5 1-0

[Event "II Weekend A"]
[Site "Biella ITA"]
[Date "2011.09.24"]
[Round "3"]
[White "Dgebuadze, Alexandre"]
[Black "Gagliardi, Christian"]
[Result "1/2-1/2"]
[WhiteElo "2544"]
[BlackElo "2253"]
[PlyCount "79"]
[EventDate "2011.09.23"]

1. d4 Nf6 2. Nf3 e6 3. e3 d5 4. c4 Be7 5. Nc3 O-O 6. Bd3 dxc4 7. Bxc4 c5 8. O-O
Nc6 9. a3 cxd4 10. exd4 a6 11. Re1 b5 12. Bb3 Bb7 13. Bc2 Na5 14. Ng5 Nc4 15.
Qd3 g6 16. a4 Rc8 17. axb5 axb5 18. Bb3 Qb6 19. Qh3 h5 20. Qd3 Kg7 21. Bc2 e5
22. d5 e4 23. Ngxe4 Rfd8 24. b3 Ne5 25. Qe2 Nxd5 26. Nxd5 Rxd5 27. Bb2 f6 28.
Rad1 Rcd8 29. Rxd5 Rxd5 30. h3 Bb4 31. Rd1 Rxd1+ 32. Qxd1 Qc6 33. Bxe5 fxe5 34.
Qd3 Be7 35. Qe2 b4 36. Kh2 Qd5 37. Qf3 Qf7 38. Qe2 Bxe4 39. Qxe4 Qf4+ 40. Qxf4
1/2-1/2